Histoire des animaux.
Enregistré dans:
| Auteur principal: | |
|---|---|
| Autres auteurs: | |
| Format: | Livre |
| Langue: | anglais |
| Publié: |
Saint-Amand, France:
Gallimard,
1994.
|
| Collection: | Collection Folio / Essais, 241.
|
| Sujets: | |
| Tags: |
Ajouter un tag
Pas de tags, Soyez le premier à ajouter un tag!
|
MARC
| LEADER | 00000nam a22000007a 4500 | ||
|---|---|---|---|
| 003 | CL-VaPUC | ||
| 005 | 20241127085259.0 | ||
| 008 | 220726t1994 ||||| |||| 00| 0 eng d | ||
| 999 | |c 437598 |d 437596 | ||
| 020 | |a 2-07-038779-8 | ||
| 040 | |c Pontificia Universidad Católica de Valparaíso | ||
| 082 | 0 | 4 | |a 185 ARI 1994 |2 21 |
| 100 | |a Aristóteles, |d 384 a.C.- 322 a.C. |e author |9 194 | ||
| 245 | 1 | 0 | |a Histoire des animaux. |
| 260 | |a Saint-Amand, France: |b Gallimard, |c 1994. | ||
| 300 | |a 586 páginas. | ||
| 490 | 0 | |a Collection Folio / Essais, 241. | |
| 500 | |a c.1 Donación Familia Prof. Alejandro Guzmán Brito. Ouvrage publié le concours du Centre National des Lettres. | ||
| 583 | |a last modification |c 19890807 00:00:00 |k Yessy Sthefany Diaz Vidal | ||
| 600 | 0 | |a Aristóteles, |d 384 a.C.- 322 a.C. |9 194 | |
| 650 | 0 | |a Filosofía aristotélica |9 873129 | |
| 650 | 0 | |a Historia natural |9 268584 | |
| 700 | |9 873994 |a Bertier, Janine |e traduction |e présentation |e notes | ||
| 942 | |c BK |2 ddc |n 0 | ||
| 952 | |0 0 |1 0 |2 ddc |4 0 |6 185_000000000000000_ARI_1994 |7 0 |8 C_AGB |9 585380 |a BIBDER |b BIBDER |d 2022-07-26 |e Donación |i 5653383 |o 185 ARI 1994 |p 5653383 |r 2023-01-25 |t 1 |w 2022-07-26 |y BK_US |k AGB | ||